[Event "Mumbai Wealth rating op 4th"]
[Site "Mumbai"]
[Date "2019.01.02"]
[Round "4"]
[White "Adarsh, Sanklecha"]
[Black "Tamhankar, Siddhant"]
[Result "0-1"]
[WhiteElo "1414"]
[BlackElo "1704"]
[PlyCount "114"]
[EventDate "2018.12.30"]
[EventType "swiss"]
[EventRounds "9"]
[EventCountry "IND"]
[SourceTitle "CBM 188 Extra"]
[Source "ChessBase"]
[SourceDate "2019.02.26"]
[SourceVersion "1"]
[SourceVersionDate "2019.02.26"]
[SourceQuality "1"]

1. e4 c5 2. Nf3 d6 3. d4 cxd4 4. Nxd4 Nf6 5. Nc3 Nc6 6. Be3 e5 7. Nb3 Be7 8. f3 0-0 9. Qd2 a6 10. 0-0-0 b5 11. g4 Na5 12. Nxa5 Qxa5 13. Kb1 b4 14. Nd5 Nxd5 15. exd5 Bd7 16. h4 Rfb8 17. h5 Qd8 18. g5 Bf5 19. Bh3 Qd7 20. Bxf5 Qxf5 21. f4 b3 22. Qd3 bxc2+ 23. Kxc2 Rc8+ 24. Kb1 Qxd3+ 25. Rxd3 exf4 26. Bxf4 Rc4 27. Rf1 a5 28. h6 Rxf4 29. Rxf4 Bxg5 30. Rc4 Bxh6 31. Kc2 f5 32. Rf3 f4 33. Rc6 Rd8 34. Kd3 Kf7 35. Ra6 g5 36. Rh3 Kg6 37. Ke4 Bg7 38. Rxa5 Re8+ 39. Kf3 Re3+ 40. Kg2 Re2+ 41. Kf3 Rxb2 42. Rh1 Kf5 43. Rh5 Bd4 44. Rxg5+ Kxg5 45. Ke4 Bc5 46. Ra8 Re2+ 47. Kf3 Re3+ 48. Kg2 f3+ 49. Kh2 f2 50. Kg2 Re1 51. Rg8+ Kh4 52. Rf8 Rg1+ 53. Kh2 f1N+ 54. Rxf1 Rxf1 55. a4 Rf2+ 56. Kg1 Kg3 57. a5 Rf3+ 0-1